Municipios de Coahuila - con mapa - Estadísticas

Estadísticas generales
  • Esta prueba ha sido intentada 20 veces
  • La puntuación promedio es 20 de 38
Respuestas en el mapa
Las respuestas están codificadas por una escala verde-roja en el mapa de la prueba según el % correcto abajo.
 
Estadísticas de respuestas
Respuesta % Correcto
Allende
88%
Saltillo
88%
Acuña
75%
Arteaga
75%
Cuatro Ciénegas
75%
Monclova
75%
Parras
75%
Piedras Negras
75%
Ramos Arizpe
75%
Sabinas
75%
Torreón
75%
Morelos
63%
Ocampo
63%
Viesca
63%
Abasolo
50%
Candela
50%
Guerrero
50%
Hidalgo
50%
Juárez
50%
Múzquiz
50%
Nadadores
50%
Nava
50%
San Buenaventura
50%
San Juan de Sabinas
50%
Villa Unión
50%
Zaragoza
50%
Castaños
38%
Escobedo
38%
Francisco I. Madero
38%
Frontera
38%
General Cepeda
38%
Jiménez
38%
Progreso
38%
San Pedro
38%
Sierra Mojada
38%
Lamadrid
25%
Sacramento
25%
Natamoros
0%
No se encontraron pruebas coincidentes
Distribución de puntuación
Porcentaje de gente con cada puntuación
Porcentaje por número respondido
Historial de tus puntuaciones
No has intentado esta prueba.